000 01022nam a2200265Ia 4500
003 OSt
005 20221005105756.0
006 a|||||r|||| 00| 0
007 ta
008 221004b |||||||| |||| 00| 0 hin d
020 _a8173091129 (pbk)
_c200
024 _a11021
037 _b1155, 21/03/2014, Anamika Publishers & Distributors Pvt. Ltd.
_cTextual
040 _aCRL
_cCRL
_bhin
041 _2hin
_ahin
082 _aV1.N3, 152J7;Q3
100 _aनेहरू, जवाहरलाल
245 0 _aविश्व इतिहस की झलक
246 _aVishva itihas kī zalaka
260 _aनई दिल्ली
_bसस्ता साहित्य मण्डल प्रकाशन भारत
_c2013
300 _a496पृ0
_ccm.
650 _aविश्व-इतिहास
942 _hV1.N3, 152J7;Q3
_cTEXL
_2cc
999 _c1016869
_d1016869